[Event "Panevezys op-B"]
[Site "Panevezys"]
[Date "2022.07.03"]
[Round "6"]
[White "Vasiljeva, Sofja"]
[Black "Viederis, Gediminas"]
[Result "1/2-1/2"]
[WhiteElo "1680"]
[BlackElo "1755"]
[PlyCount "64"]
[EventDate "2022.07.01"]
[EventType "swiss"]
[EventRounds "7"]
[EventCountry "LTU"]
[SourceTitle "EXT 2023"]
[Source "ChessBase"]
[SourceDate "2022.10.05"]
[SourceVersion "1"]
[SourceVersionDate "2022.10.05"]
[SourceQuality "1"]

1. e4 e5 2. Nf3 Nc6 3. Bb5 Nf6 4. 0-0 Nxe4 5. d4 Nd6 6. Bxc6 dxc6 7. dxe5 Nf5 8. Qxd8+ Kxd8 9. Nc3 h6 10. b3 Bb4 11. Bb2 Bxc3 12. Bxc3 Be6 13. Rad1+ Ke8 14. Bb2 Rd8 15. Rxd8+ Kxd8 16. Rd1+ Kc8 17. Ba3 Rd8 18. Rxd8+ Kxd8 19. c4 Ne7 20. Nd4 Bc8 21. g3 Nf5 22. Nxf5 Bxf5 23. Bf8 g6 24. Bxh6 Bb1 25. a3 Ba2 26. b4 Bxc4 27. Be3 b6 28. f4 Kd7 29. Kf2 Ke6 30. Bc1 Bd3 31. Ke3 Bf1 32. h4 Bh3 1/2-1/2

[Event "Panevezys op-B"]
[Site "Panevezys"]
[Date "2022.07.02"]
[Round "4"]
[White "Viederis, Gediminas"]
[Black "Griksaite, Egle"]
[Result "1-0"]
[WhiteElo "1755"]
[BlackElo "1380"]
[PlyCount "73"]
[EventDate "2022.07.01"]
[EventType "swiss"]
[EventRounds "7"]
[EventCountry "LTU"]
[SourceTitle "EXT 2023"]
[Source "ChessBase"]
[SourceDate "2022.10.05"]
[SourceVersion "1"]
[SourceVersionDate "2022.10.05"]
[SourceQuality "1"]

1. d4 Nf6 2. c4 c5 3. d5 g6 4. Nc3 Bg7 5. Nf3 d6 6. h3 a6 7. a4 0-0 8. e4 e6 9. Bd3 exd5 10. cxd5 Re8 11. 0-0 Nbd7 12. Bf4 Qb6 13. Qc2 Nh5 14. Bh2 Ne5 15. Be2 Nxf3+ 16. Bxf3 Nf6 17. Rfe1 Nd7 18. Be2 Bd4 19. a5 Qc7 20. Na4 b5 21. axb6 Nxb6 22. Nc3 f5 23. Bf3 Be5 24. Ne2 Bxh2+ 25. Kxh2 Qf7 26. Ng3 Re5 27. Qb3 Rb8 28. exf5 Bxf5 29. Rxe5 Nd7 30. Rxf5 gxf5 31. Qc3 Rb6 32. Re1 Ne5 33. Bh5 Qxd5 34. Nxf5 Kf8 35. Qg3 Rb7 36. f4 Nd3 37. Re8# 1-0

[Event "Vilnius Steponavicius 75"]
[Site "Vilnius"]
[Date "2021.12.19"]
[Round "3.3"]
[White "Viederis, Gediminas"]
[Black "Girdziusas, Kestutis"]
[Result "1-0"]
[WhiteElo "1720"]
[BlackElo "1381"]
[PlyCount "53"]
[EventDate "2021.12.18"]
[EventType "tourn"]
[EventRounds "9"]
[EventCountry "LTU"]
[SourceTitle "EXT 2023"]
[Source "ChessBase"]
[SourceDate "2022.10.05"]
[SourceVersion "1"]
[SourceVersionDate "2022.10.05"]
[SourceQuality "1"]

1. d4 Nf6 2. c4 g6 3. Nc3 d6 4. Nf3 Bg7 5. g3 0-0 6. Bg2 Nbd7 7. 0-0 e5 8. e4 Rb8 9. h3 a6 10. a4 Nh5 11. d5 Qe8 12. Be3 f5 13. exf5 gxf5 14. Ng5 Nb6 15. Bxb6 cxb6 16. Ne6 Bxe6 17. dxe6 e4 18. Nd5 Qxe6 19. Qxh5 Rf7 20. Qe2 Bd4 21. Rad1 Qe5 22. b3 Re8 23. Qd2 Bb2 24. Nxb6 Re6 25. Nd5 Rg7 26. Rfe1 b5 27. f4 1-0

[Event "Vilnius Kraujunui 80"]
[Site "Vilnius"]
[Date "2020.08.08"]
[Round "4"]
[White "Feofanov, Boris"]
[Black "Viederis, Gediminas"]
[Result "1/2-1/2"]
[WhiteElo "1685"]
[BlackElo "1726"]
[PlyCount "74"]
[EventDate "2020.08.05"]
[EventType "tourn"]
[EventRounds "9"]
[EventCountry "LTU"]
[SourceTitle "EXT 2021"]
[Source "ChessBase"]
[SourceDate "2020.10.23"]
[SourceVersion "1"]
[SourceVersionDate "2020.10.23"]
[SourceQuality "1"]

1. d4 Nf6 2. Nf3 g6 3. c4 Bg7 4. Nc3 d5 5. g3 0-0 6. Bg2 c6 7. 0-0 dxc4 8. Ne5 Be6 9. e4 Nbd7 10. Nf3 Bg4 11. Be3 Qa5 12. Qc2 Bxf3 13. Bxf3 e6 14. Ne2 e5 15. Qxc4 exd4 16. Bxd4 Ne5 17. Qb3 Nxf3+ 18. Qxf3 Nh5 19. Bc3 Bxc3 20. Nxc3 Rad8 21. Rad1 Ng7 22. Rxd8 Rxd8 23. Qf6 Qc7 24. e5 Nh5 25. Qg5 Re8 26. Re1 f6 27. Qh4 Rxe5 28. Rd1 Qe7 29. Kg2 Kg7 30. Rd2 f5 31. Qd4 Nf6 32. Qxa7 b5 33. Qa8 b4 34. Nd1 Rd5 35. Rxd5 Nxd5 36. Qa4 Qe4+ 37. Kg1 Qe1+ 1/2-1/2

[Event "Vilnius Kraujunui 80"]
[Site "Vilnius"]
[Date "2020.08.08"]
[Round "5"]
[White "Viederis, Gediminas"]
[Black "Girdziusas, Kestutis"]
[Result "1/2-1/2"]
[WhiteElo "1726"]
[BlackElo "1341"]
[PlyCount "119"]
[EventDate "2020.08.05"]
[EventType "tourn"]
[EventRounds "9"]
[EventCountry "LTU"]
[SourceTitle "EXT 2021"]
[Source "ChessBase"]
[SourceDate "2020.10.23"]
[SourceVersion "1"]
[SourceVersionDate "2020.10.23"]
[SourceQuality "1"]

1. d4 Nf6 2. Nf3 d6 3. c4 g6 4. Nc3 Bg7 5. g3 0-0 6. Bg2 Nc6 7. 0-0 Rb8 8. b3 a6 9. Rb1 Bf5 10. Ra1 Nd7 11. Bb2 e5 12. dxe5 Ndxe5 13. Nh4 Be6 14. Qd2 Nd4 15. e3 Nf5 16. Nxf5 Bxf5 17. e4 Bh3 18. Rad1 Bxg2 19. Kxg2 h5 20. Nd5 h4 21. f4 Ng4 22. Bxg7 Kxg7 23. f5 h3+ 24. Kxh3 Nf6 25. Nxf6 Qxf6 26. Qd4 g5 27. Qxf6+ Kxf6 28. Kg4 Rbe8 29. Rfe1 Re5 30. Rd5 Rfe8 31. Rxe5 Rxe5 32. h4 gxh4 33. Kxh4 Kg7 34. Kg4 f6 35. Kf4 Kf7 36. g4 Re8 37. Rh1 Kg7 38. Rh5 b5 39. cxb5 axb5 40. g5 fxg5+ 41. Rxg5+ Kf6 42. Rg6+ Kf7 43. Rh6 Kg7 44. Rh2 Kf6 45. a4 bxa4 46. bxa4 Ra8 47. Ra2 Ra5 48. Ra3 c5 49. Ke3 Ke5 50. Kd3 d5 51. exd5 Kxd5 52. Kc3 Ke5 53. Kc4 Kxf5 54. Kd5 Kf6 55. Kc6 c4 56. Kb6 Ra8 57. a5 Rb8+ 58. Ka7 Rb3 59. Ra4 c3 60. Rc4 1/2-1/2

[Event "Vilnius Kraujunui 80"]
[Site "Vilnius"]
[Date "2020.08.05"]
[Round "1"]
[White "Viederis, Gediminas"]
[Black "Muzas, Kestutis"]
[Result "1-0"]
[WhiteElo "1726"]
[BlackElo "1628"]
[PlyCount "71"]
[EventDate "2020.08.05"]
[EventType "tourn"]
[EventRounds "9"]
[EventCountry "LTU"]
[SourceTitle "EXT 2021"]
[Source "ChessBase"]
[SourceDate "2020.10.23"]
[SourceVersion "1"]
[SourceVersionDate "2020.10.23"]
[SourceQuality "1"]

1. d4 d5 2. c4 e6 3. Nf3 Nf6 4. g3 Bb4+ 5. Bd2 Be7 6. Bg2 c6 7. 0-0 0-0 8. Qc2 Nbd7 9. Bf4 b6 10. Rd1 Bb7 11. Ne5 Rc8 12. Nc3 dxc4 13. Nxc4 Nd5 14. Bd6 N7f6 15. Bxe7 Qxe7 16. e4 Nxc3 17. bxc3 Rfd8 18. Ne3 g6 19. a4 e5 20. a5 exd4 21. cxd4 b5 22. a6 Ba8 23. Qc5 Qe8 24. e5 Nd5 25. Bxd5 cxd5 26. Qb4 Bc6 27. Ng4 Qe6 28. Nf6+ Kg7 29. Rdc1 Bd7 30. Rc5 Rxc5 31. Qxc5 Ra8 32. Qxd5 Qxd5 33. Nxd5 Bc8 34. Ne3 b4 35. Kf1 f6 36. exf6+ 1-0

[Event "LTU-chT"]
[Site "Lithuania"]
[Date "2019.04.27"]
[Round "6.8"]
[White "Viederis, Gediminas"]
[Black "Novikovas, Anatolijus"]
[Result "1/2-1/2"]
[WhiteElo "1834"]
[BlackElo "1792"]
[PlyCount "37"]
[EventDate "2019.01.26"]
[EventType "team-swiss"]
[EventRounds "7"]
[EventCountry "LTU"]
[SourceTitle "CBM 190 Extra"]
[Source "ChessBase"]
[SourceDate "2019.07.15"]
[SourceVersion "1"]
[SourceVersionDate "2019.07.15"]
[SourceQuality "1"]
[WhiteTeam "Vilnius Pasaku II"]
[BlackTeam "Vilnius LASF"]
[WhiteTeamCountry "LTU"]
[BlackTeamCountry "LTU"]

1. d4 Nf6 2. Nf3 e6 3. c4 b6 4. g3 Ba6 5. Qa4 c5 6. Bg2 Bb7 7. dxc5 Bxc5 8. Nc3 0-0 9. 0-0 Nc6 10. Bf4 Qc8 11. Nb5 d5 12. Nd6 Bxd6 13. Bxd6 Rd8 14. Bf4 dxc4 15. Bg5 Nd4 16. Nxd4 Rxd4 17. Bxf6 gxf6 18. e3 Rd8 19. Bxb7 1/2-1/2

[Event "LTU-chT"]
[Site "Lithuania"]
[Date "2019.03.30"]
[Round "4.1"]
[White "Viederis, Gediminas"]
[Black "Stalemekas, Ernestas"]
[Result "1/2-1/2"]
[WhiteElo "1834"]
[BlackElo "2122"]
[PlyCount "29"]
[EventDate "2019.01.26"]
[EventType "team-swiss"]
[EventRounds "7"]
[EventCountry "LTU"]
[SourceTitle "CBM 189 Extra"]
[Source "ChessBase"]
[SourceDate "2019.06.03"]
[SourceVersion "1"]
[SourceVersionDate "2019.06.03"]
[SourceQuality "1"]
[WhiteTeam "Vilnius Pasaku II"]
[BlackTeam "Rokiskis"]
[WhiteTeamCountry "LTU"]
[BlackTeamCountry "LTU"]

1. d4 Nf6 2. c4 g6 3. Nc3 Bg7 4. Nf3 0-0 5. e4 d6 6. Be2 e5 7. Be3 Nc6 8. 0-0 Ng4 9. Bg5 f6 10. Bc1 exd4 11. Nxd4 Nge5 12. Be3 f5 13. f4 Nxd4 14. Bxd4 Nc6 15. Bxg7 1/2-1/2

[Event "LTU-ch"]
[Site "Vilnius"]
[Date "2019.03.21"]
[Round "9"]
[White "Viederis, Gediminas"]
[Black "Zukauskas, Petras"]
[Result "0-1"]
[WhiteElo "1834"]
[BlackElo "1672"]
[PlyCount "50"]
[EventDate "2019.03.15"]
[EventType "swiss"]
[EventRounds "9"]
[EventCountry "LTU"]
[SourceTitle "EXT 2020"]
[Source "ChessBase"]
[SourceDate "2019.10.17"]
[SourceVersion "1"]
[SourceVersionDate "2019.10.17"]
[SourceQuality "1"]

1. d4 d5 2. c4 e6 3. Nc3 Nf6 4. Bg5 Be7 5. e3 0-0 6. Nf3 b6 7. Rc1 Bb7 8. cxd5 Nxd5 9. Bxe7 Qxe7 10. Be2 Nd7 11. Nxd5 Bxd5 12. Rxc7 Qd6 13. Qc2 Nc5 14. Rxc5 bxc5 15. dxc5 Qc6 16. b4 Rfc8 17. 0-0 a5 18. e4 Bxa2 19. Qxa2 axb4 20. Qc4 Qxc5 21. Qxc5 Rxc5 22. Nd4 Ra2 23. Rb1 e5 24. Rxb4 g6 25. Nb3 Rxe2 0-1

[Event "LTU-ch"]
[Site "Vilnius"]
[Date "2019.03.17"]
[Round "4"]
[White "Petraitis, Gintautas"]
[Black "Viederis, Gediminas"]
[Result "1/2-1/2"]
[WhiteElo "1750"]
[BlackElo "1834"]
[PlyCount "32"]
[EventDate "2019.03.15"]
[EventType "swiss"]
[EventRounds "9"]
[EventCountry "LTU"]
[SourceTitle "EXT 2020"]
[Source "ChessBase"]
[SourceDate "2019.10.17"]
[SourceVersion "1"]
[SourceVersionDate "2019.10.17"]
[SourceQuality "1"]

1. e4 e5 2. Nf3 Nc6 3. Bc4 Nf6 4. d4 exd4 5. 0-0 Nxe4 6. Re1 d5 7. Bxd5 Qxd5 8. Nc3 Qa5 9. Nxe4 Be6 10. Neg5 0-0-0 11. Nxe6 fxe6 12. Rxe6 Be7 13. Qe2 Bf6 14. Bf4 Qf5 15. Bg3 d3 16. cxd3 Qxd3 1/2-1/2

[Event "LTU-ch"]
[Site "Vilnius"]
[Date "2019.03.16"]
[Round "2"]
[White "Narmontas, Raimondas"]
[Black "Viederis, Gediminas"]
[Result "1-0"]
[WhiteElo "2019"]
[BlackElo "1834"]
[PlyCount "65"]
[EventDate "2019.03.15"]
[EventType "swiss"]
[EventRounds "9"]
[EventCountry "LTU"]
[SourceTitle "CBM 189 Extra"]
[Source "ChessBase"]
[SourceDate "2019.06.03"]
[SourceVersion "1"]
[SourceVersionDate "2019.06.03"]
[SourceQuality "1"]

1. d4 d5 2. Bg5 c6 3. Nd2 Bf5 4. f3 Nf6 5. Bxf6 exf6 6. e4 Be6 7. c3 Be7 8. Bd3 0-0 9. Qc2 h6 10. Ne2 Qc7 11. 0-0 Nd7 12. f4 dxe4 13. Nxe4 Nb6 14. c4 Rfd8 15. f5 Bd7 16. Rf3 Bf8 17. Raf1 Nc8 18. Rg3 Kh8 19. c5 Ne7 20. Nd6 Be8 21. Bc4 Nc8 22. Ne4 Ne7 23. Rh3 b5 24. Bb3 Nd5 25. Rff3 Qe7 26. Rh4 Nb4 27. Qd2 a5 28. Rfh3 Bd7 29. Rxh6+ gxh6 30. Rxh6+ Kg7 31. N2g3 Nd5 32. Bxd5 cxd5 33. Nh5+ 1-0

[Event "LTU-ch"]
[Site "Vilnius"]
[Date "2019.03.15"]
[Round "1"]
[White "Viederis, Gediminas"]
[Black "Jasiulionis, Lukas"]
[Result "1-0"]
[WhiteElo "1834"]
[BlackElo "1020"]
[PlyCount "81"]
[EventDate "2019.03.15"]
[EventType "swiss"]
[EventRounds "9"]
[EventCountry "LTU"]
[SourceTitle "CBM 189 Extra"]
[Source "ChessBase"]
[SourceDate "2019.06.03"]
[SourceVersion "1"]
[SourceVersionDate "2019.06.03"]
[SourceQuality "1"]

1. d4 d5 2. c4 c6 3. cxd5 cxd5 4. Nc3 e6 5. Bf4 Nc6 6. e3 Nf6 7. Bd3 Be7 8. h3 Bd7 9. Nf3 0-0 10. Rc1 Qb6 11. Qe2 Rac8 12. 0-0 Rcd8 13. a3 Rfe8 14. b4 a6 15. Na4 Qa7 16. Ne5 Nxb4 17. Nxd7 Nxd3 18. Nxf6+ Bxf6 19. Qxd3 b5 20. Nc5 Be7 21. Rc2 Bxc5 22. Rxc5 e5 23. Bg3 e4 24. Qb3 Qb7 25. Rfc1 h6 26. Rc7 Qb6 27. R1c6 Qa5 28. Qb4 Qxb4 29. axb4 a5 30. bxa5 Ra8 31. a6 b4 32. Rb7 Reb8 33. Bxb8 b3 34. Rxb3 Kh7 35. a7 f6 36. Rb7 Kg6 37. Rbc7 Kf5 38. g4+ Kg5 39. Rxg7+ Kh4 40. Kh2 f5 41. Bg3# 1-0

[Event "LTU-chT"]
[Site "Lithuania"]
[Date "2019.01.27"]
[Round "2.10"]
[White "Viederis, Gediminas"]
[Black "Ridzvanavicius, Jonas"]
[Result "1/2-1/2"]
[WhiteElo "1834"]
[BlackElo "2048"]
[PlyCount "47"]
[EventDate "2019.01.26"]
[EventType "team-swiss"]
[EventRounds "7"]
[EventCountry "LTU"]
[SourceTitle "CBM 188 Extra"]
[Source "ChessBase"]
[SourceDate "2019.02.26"]
[SourceVersion "1"]
[SourceVersionDate "2019.02.26"]
[SourceQuality "1"]
[WhiteTeam "Vilnius Pasaku II"]
[BlackTeam "Kaunas Margiris III"]
[WhiteTeamCountry "LTU"]
[BlackTeamCountry "LTU"]

1. d4 Nf6 2. c4 g6 3. Nc3 Bg7 4. Nf3 0-0 5. e4 d6 6. Be2 Bg4 7. Be3 Nc6 8. 0-0 Re8 9. Rc1 e5 10. d5 Bxf3 11. Bxf3 Nd4 12. Re1 c5 13. dxc6 bxc6 14. Bxd4 exd4 15. Qxd4 Nxe4 16. Qd3 Nxc3 17. bxc3 Qc7 18. h3 Re5 19. Rxe5 dxe5 20. c5 f5 21. Bd5+ Kh8 22. Bb3 e4 23. Qc4 h5 24. Rd1 1/2-1/2

[Event "LTU-chT"]
[Site "Lithuania"]
[Date "2019.01.26"]
[Round "1.5"]
[White "Viederis, Gediminas"]
[Black "Limontas, Martynas"]
[Result "0-1"]
[WhiteElo "1834"]
[BlackElo "2283"]
[PlyCount "88"]
[EventDate "2019.01.26"]
[EventType "team-swiss"]
[EventRounds "7"]
[EventCountry "LTU"]
[SourceTitle "CBM 188 Extra"]
[Source "ChessBase"]
[SourceDate "2019.02.26"]
[SourceVersion "1"]
[SourceVersionDate "2019.02.26"]
[SourceQuality "1"]
[WhiteTeam "Vilnius Pasaku II"]
[BlackTeam "Vilnius Chess United"]
[WhiteTeamCountry "LTU"]
[BlackTeamCountry "LTU"]

1. d4 Nf6 2. c4 e6 3. Nf3 c5 4. d5 exd5 5. cxd5 Bd6 6. Nc3 0-0 7. g3 Bc7 8. Bg2 d6 9. 0-0 Re8 10. Bg5 a6 11. a4 Nbd7 12. Qc2 Rb8 13. Qd3 h6 14. Bf4 Nf8 15. e4 Ng6 16. Be3 Bd7 17. Rfe1 b5 18. axb5 axb5 19. Nd2 Ng4 20. h3 c4 21. Qb1 Nxe3 22. Rxe3 Bb6 23. Re2 h5 24. Nf3 h4 25. Kh2 Qf6 26. Qe1 Ne5 27. Nxe5 hxg3+ 28. fxg3 Rxe5 29. Qf1 Qh6 30. Qf3 f6 31. Nd1 Rg5 32. Qf4 Bc5 33. Ne3 Re8 34. Rae1 Ree5 35. Ra1 Qh5 36. Ra8+ Kh7 37. Re1 Re8 38. Rxe8 Qxe8 39. Ra1 Bd4 40. Ng4 Bxg4 41. hxg4 Bxb2 42. Ra7 Be5 43. Qf3 Qc8 44. Bf1 c3 0-1

[Event "Vilnius Zavanelli Memorial op-B"]
[Site "Vilnius"]
[Date "2018.10.27"]
[Round "4"]
[White "Viederis, Gediminas"]
[Black "Podolskyi, Mykhailo"]
[Result "1/2-1/2"]
[WhiteElo "1867"]
[BlackElo "1762"]
[PlyCount "56"]
[EventDate "2018.10.25"]
[EventType "swiss"]
[EventRounds "7"]
[EventCountry "LTU"]
[SourceTitle "CBM 187 Extra"]
[Source "ChessBase"]
[SourceDate "2018.11.04"]
[SourceVersion "1"]
[SourceVersionDate "2018.11.04"]
[SourceQuality "1"]

1. d4 d5 2. c4 e6 3. Nf3 Nf6 4. Nc3 Bd6 5. Bg5 Be7 6. e3 Nbd7 7. Rc1 a6 8. Bd3 h6 9. Bh4 0-0 10. 0-0 dxc4 11. Bxc4 b5 12. Bd3 Bb7 13. Qe2 c5 14. dxc5 Nxc5 15. Bc2 Nd5 16. Nxd5 Bxd5 17. Bxe7 Qxe7 18. b3 Rfd8 19. e4 Bb7 20. b4 Nd7 21. a3 Rac8 22. Bb1 Nb6 23. Nd2 Qd7 24. Nb3 Nc4 25. Nc5 Qe7 26. Bd3 Ne5 27. Bb1 Nc4 28. Bd3 Ne5 1/2-1/2

[Event "Vilnius Zavanelli Memorial op-B"]
[Site "Vilnius"]
[Date "2018.10.26"]
[Round "3"]
[White "Sumskis, Rimvydas"]
[Black "Viederis, Gediminas"]
[Result "1-0"]
[WhiteElo "2029"]
[BlackElo "1867"]
[PlyCount "51"]
[EventDate "2018.10.25"]
[EventType "swiss"]
[EventRounds "7"]
[EventCountry "LTU"]
[SourceTitle "CBM 187 Extra"]
[Source "ChessBase"]
[SourceDate "2018.11.04"]
[SourceVersion "1"]
[SourceVersionDate "2018.11.04"]
[SourceQuality "1"]

1. e4 d6 2. d4 Nf6 3. Nc3 g6 4. Nf3 Bg7 5. Bd3 c6 6. h3 Nbd7 7. Be3 b5 8. Qd2 h5 9. e5 b4 10. Ne2 Nd5 11. e6 Nf8 12. exf7+ Kd7 13. Nf4 Nxf4 14. Bxf4 Qb6 15. 0-0 Kc7 16. c3 a5 17. Rfe1 e6 18. Rac1 b3 19. axb3 Qxb3 20. c4 Kd7 21. c5 d5 22. Qe2 Bh6 23. Rc3 Qb4 24. Qe5 Bxf4 25. Qxh8 Bb7 26. Qf6 1-0

[Event "Panevezys op 25th"]
[Site "Panevezys"]
[Date "2012.08.19"]
[Round "9"]
[White "Stitilis, Domas"]
[Black "Viederis, Gediminas"]
[Result "1/2-1/2"]
[WhiteElo "1483"]
[BlackElo "1674"]
[PlyCount "55"]
[EventDate "2012.08.13"]
[EventType "swiss"]
[EventRounds "9"]
[EventCountry "LTU"]
[SourceTitle "CBM 149 Extra"]
[Source "ChessBase"]
[SourceDate "2012.08.24"]
[SourceVersion "1"]
[SourceVersionDate "2012.08.24"]
[SourceQuality "1"]

1. e4 d6 2. d4 Nf6 3. Nc3 g6 4. f3 Bg7 5. Be3 c6 6. Qd2 b5 7. 0-0-0 Qa5 8. Kb1 Nbd7 9. g4 Nb6 10. Nd5 Qxd2 11. Nxf6+ Bxf6 12. Rxd2 Nc4 13. Bxc4 bxc4 14. Ne2 Rb8 15. c3 a5 16. h4 a4 17. Kc2 h5 18. g5 Bg7 19. Rhd1 0-0 20. Rb1 d5 21. Ng3 Bd7 22. Rdd1 Rb7 23. b3 cxb3+ 24. axb3 axb3+ 25. Rxb3 Rxb3 26. Kxb3 Rb8+ 27. Ka2 Ra8+ 28. Kb2 1/2-1/2

[Event "Panevezys op 25th"]
[Site "Panevezys"]
[Date "2012.08.16"]
[Round "5"]
[White "Zavanelli, Max E"]
[Black "Viederis, Gediminas"]
[Result "0-1"]
[WhiteElo "2483"]
[BlackElo "1674"]
[PlyCount "80"]
[EventDate "2012.08.13"]
[EventType "swiss"]
[EventRounds "9"]
[EventCountry "LTU"]
[SourceTitle "CBM 149 Extra"]
[Source "ChessBase"]
[SourceDate "2012.08.24"]
[SourceVersion "1"]
[SourceVersionDate "2012.08.24"]
[SourceQuality "1"]

1. e4 d6 2. d4 Nf6 3. Nc3 g6 4. f4 Bg7 5. Nf3 c5 6. dxc5 Qa5 7. Qd4 Nc6 8. Bb5 dxc5 9. Qa4 Qxa4 10. Bxa4 0-0 11. e5 Nd7 12. Be3 e6 13. Ne4 c4 14. 0-0 Nb6 15. Bxc6 bxc6 16. Bc5 Rd8 17. Nd6 Nd5 18. Nd4 Rd7 19. Rae1 Ba6 20. c3 Rb8 21. Rf2 Bf8 22. g4 Bh6 23. Nxc6 Ra8 24. Nb4 Bb7 25. f5 Nf4 26. Kf1 a5 27. Nc2 Nd3 28. Nd4 Nxc5 29. fxe6 fxe6 30. Nxb7 Rxb7 31. Ree2 Rf8 32. Rxf8+ Bxf8 33. Rf2 Bg7 34. Nc6 Nd3 35. Re2 Rxb2 36. Nxa5 Rxe2 37. Kxe2 Nxe5 38. a4 Kf8 39. g5 Ke7 40. Nc6+ Nxc6 0-1

[Event "Panevezys op 25th"]
[Site "Panevezys"]
[Date "2012.08.14"]
[Round "2"]
[White "Vaskevicius, Augustas"]
[Black "Viederis, Gediminas"]
[Result "1-0"]
[WhiteElo "1410"]
[BlackElo "1674"]
[PlyCount "73"]
[EventDate "2012.08.13"]
[EventType "swiss"]
[EventRounds "9"]
[EventCountry "LTU"]
[SourceTitle "CBM 149 Extra"]
[Source "ChessBase"]
[SourceDate "2012.08.24"]
[SourceVersion "1"]
[SourceVersionDate "2012.08.24"]
[SourceQuality "1"]

1. d4 Nf6 2. Nf3 g6 3. Bg5 Bg7 4. Nbd2 d5 5. e3 0-0 6. Bd3 c5 7. c3 cxd4 8. cxd4 Nc6 9. 0-0 Re8 10. Rc1 a6 11. h3 Qb6 12. Qb3 Qd8 13. Qd1 Nb4 14. Bb1 Nc6 15. Nb3 Ne4 16. Bxe4 dxe4 17. Nfd2 f5 18. f3 exf3 19. Nxf3 h6 20. Bh4 Bf6 21. Bg3 Qd5 22. Ne5 Nxe5 23. dxe5 Qxd1 24. Rfxd1 Bg7 25. Rc7 e6 26. Na5 Bf8 27. Nc4 Re7 28. Rxe7 Bxe7 29. Nb6 Rb8 30. Rc1 Bd7 31. Nxd7 Rd8 32. Nf6+ Bxf6 33. exf6 Rd2 34. Be5 Rd8 35. Rc7 Rd5 36. Bc3 Rb5 37. Rg7+ 1-0

[Event "Panevezys op-B"]
[Site "Panevezys"]
[Date "2010.08.22"]
[Round "7"]
[White "Kalvis, Stepas"]
[Black "Viederis, Gediminas"]
[Result "1/2-1/2"]
[WhiteElo "1765"]
[BlackElo "1864"]
[PlyCount "80"]
[EventDate "2010.08.18"]
[EventType "swiss"]
[EventRounds "7"]
[EventCountry "LTU"]
[SourceTitle "CBM 138 Extra"]
[Source "ChessBase"]
[SourceDate "2010.10.29"]
[SourceVersion "1"]
[SourceVersionDate "2010.10.29"]
[SourceQuality "1"]

1. d4 Nf6 2. c4 g6 3. Nc3 d5 4. e3 Bg7 5. Nf3 0-0 6. Be2 c5 7. 0-0 cxd4 8. Nxd4 Nc6 9. Nxc6 bxc6 10. Qa4 Qb6 11. Bf3 Bd7 12. Qa3 Rfe8 13. cxd5 Nxd5 14. Bxd5 cxd5 15. Nxd5 Qd8 16. Bd2 Bc6 17. e4 Bxd5 18. Ba5 Qd7 19. Rad1 Qb7 20. exd5 Bxb2 21. Rb1 Bxa3 22. Rxb7 Rec8 23. Bc7 a5 24. Rd1 Ra6 25. g3 Kf8 26. Rd3 Bc5 27. a4 Ke8 28. Rdb3 Bb4 29. Kg2 Bd6 30. Bxd6 Rxd6 31. R3b5 Ra8 32. Kf3 Rd7 33. Rb8+ Rxb8 34. Rxb8+ Rd8 35. Rb5 Ra8 36. Ke4 Kd7 37. Kd4 Kc7 38. Ke5 Ra6 39. f4 f6+ 40. Ke4 h5 1/2-1/2

[Event "Panevezys op-B"]
[Site "Panevezys"]
[Date "2010.08.18"]
[Round "1"]
[White "Katinas, Kazimieras"]
[Black "Viederis, Gediminas"]
[Result "1-0"]
[WhiteElo "1668"]
[BlackElo "1864"]
[PlyCount "60"]
[EventDate "2010.08.18"]
[EventType "swiss"]
[EventRounds "7"]
[EventCountry "LTU"]
[SourceTitle "CBM 138 Extra"]
[Source "ChessBase"]
[SourceDate "2010.10.29"]
[SourceVersion "1"]
[SourceVersionDate "2010.10.29"]
[SourceQuality "1"]

1. d4 Nf6 2. Bf4 g6 3. c4 Bg7 4. Nc3 0-0 5. e4 c5 6. d5 Qa5 7. Be2 Nxe4 8. Bd2 Bxc3 9. bxc3 Nxd2 10. Qxd2 d6 11. h4 e5 12. h5 Qd8 13. Qh6 Qe7 14. Nf3 Qf6 15. Ng5 Qg7 16. hxg6 Qxg6 17. Qxh7+ Qxh7 18. Rxh7 f6 19. 0-0-0 fxg5 20. Rdh1 Bf5 21. R7h6 Nd7 22. g4 Nb6 23. gxf5 Rxf5 24. Rh8+ Kg7 25. R8h7+ Kg8 26. Bd3 Rf4 27. Rh8+ Kg7 28. R1h7+ Kf6 29. Rh6+ Kg7 30. R6h7+ Kf6 1-0